[Event "Titled Tuesday intern op 13th Feb Early"]
[Site "Chess.com INT"]
[Date "2024.02.13"]
[Round "2"]
[White "Shah, Vishwa"]
[Black "Parfenov, Viktor N"]
[Result "0-1"]
[WhiteElo "2177"]
[BlackElo "2193"]
[PlyCount "46"]
[EventDate "2024.02.13"]
[EventType "swiss (blitz)"]
[EventRounds "11"]
[EventCountry "USA"]
[SourceTitle "CB08_2024"]
[SourceDate "2024.02.21"]
[SourceVersion "1"]
[SourceVersionDate "2024.02.21"]
[SourceQuality "1"]

1. d4 Nf6 2. Nf3 e6 3. Bf4 c5 4. e3 Nc6 5. Be2 d5 6. h3 Bd6 7. Bxd6 Qxd6 8. 0-0 0-0 9. c3 e5 10. dxe5 Nxe5 11. Nxe5 Qxe5 12. Nd2 b6 13. Nf3 Qe7 14. Qc2 Bb7 15. Rad1 Rfe8 16. Bb5 Red8 17. Rfe1 Rd6 18. Qf5 Rad8 19. Ne5 Ne4 20. Ng4 Bc8 21. Qf4 h5 22. Ne5 Rf6 23. Qg3 Nxg3 0-1

[Event "Rilton Cup 51st"]
[Site "Stockholm"]
[Date "2024.01.02"]
[Round "6"]
[White "Hristodoulaki, Antonia"]
[Black "Shah, Vishwa"]
[Result "0-1"]
[WhiteElo "2068"]
[BlackElo "2186"]
[PlyCount "138"]
[EventDate "2023.12.27"]
[EventType "swiss"]
[EventRounds "9"]
[EventCountry "SWE"]
[SourceTitle "CB02_2024"]
[SourceDate "2024.01.10"]
[SourceVersion "1"]
[SourceVersionDate "2024.01.10"]
[SourceQuality "1"]

1. e4 c5 2. Nf3 d6 3. d4 cxd4 4. Nxd4 Nf6 5. Nc3 a6 6. Bc4 e6 7. a4 Be7 8. 0-0 0-0 9. Be3 Qc7 10. Qe2 Bd7 11. a5 Nc6 12. Nxc6 Bxc6 13. Bb6 Qc8 14. Rfd1 Nd7 15. Bd4 Qc7 16. Nd5 Bxd5 17. exd5 e5 18. Bc3 f5 19. Ra3 Bf6 20. Ba2 Kh8 21. Rd3 Rae8 22. Rh3 g6 23. Bb4 e4 24. c4 Ne5 25. Bc3 Qg7 26. Kf1 Nd3 27. Rxd3 exd3 28. Qxd3 Bxc3 29. Qxc3 Re5 30. f4 Re4 31. Qxg7+ Kxg7 32. g3 Rfe8 33. Rb3 R8e7 34. Rb6 Re1+ 35. Kf2 R1e2+ 36. Kg1 Rd2 37. Kf1 Rxh2 38. c5 Rh1+ 39. Kf2 Ra1 40. Bc4 dxc5 41. d6 Rd7 42. Be6 Rd8 43. Rxb7+ Kh8 44. d7 Rxa5 45. Rc7 Rb5 46. b3 Kg7 47. Rc8 Rb8 48. Rxc5 Kf8 49. Rc6 a5 50. Ra6 Ke7 51. Kf3 Ra8 52. Rc6 a4 53. bxa4 Rxa4 54. Rb6 Ra3+ 55. Kf2 Rd3 56. Bc4 R3xd7 57. Re6+ Kf8 58. Re3 Re7 59. Ra3 Rc7 60. Ra4 Kg7 61. Bb5 Rb8 62. Ra5 Kh6 63. Bd3 Rb2+ 64. Be2 Rcc2 65. Re5 Rxe2+ 66. Rxe2 Rxe2+ 67. Kxe2 Kh5 68. Kf3 h6 69. g4+ Kh4 0-1

[Event "Rilton Cup 51st"]
[Site "Stockholm"]
[Date "2023.12.31"]
[Round "5"]
[White "Shah, Vishwa"]
[Black "Myagmarsuren, Evsuld"]
[Result "1/2-1/2"]
[WhiteElo "2186"]
[BlackElo "2078"]
[PlyCount "78"]
[EventDate "2023.12.27"]
[EventType "swiss"]
[EventRounds "9"]
[EventCountry "SWE"]
[SourceTitle "CB02_2024"]
[SourceDate "2024.01.10"]
[SourceVersion "1"]
[SourceVersionDate "2024.01.10"]
[SourceQuality "1"]

1. e4 c5 2. Nf3 d6 3. d4 cxd4 4. Nxd4 Nf6 5. Nc3 a6 6. h3 e6 7. g4 Nfd7 8. Bg2 Be7 9. g5 Nc6 10. h4 0-0 11. b3 Nxd4 12. Qxd4 b5 13. Bb2 e5 14. Qd2 Bb7 15. 0-0-0 Rc8 16. f4 exf4 17. Qxf4 Qc7 18. Qd2 Ne5 19. Bh3 Rce8 20. Nd5 Bxd5 21. Qxd5 Kh8 22. Kb1 f6 23. Bf5 b4 24. Rh3 g6 25. Be6 fxg5 26. h5 Rf2 27. Rc1 g4 28. Bxg4 Bg5 29. hxg6 Bxc1 30. Rxh7+ Qxh7 31. gxh7 Bxb2 32. Kxb2 Nxg4 33. Qxd6 Ne5 34. a3 a5 35. axb4 axb4 36. Kb1 Rf1+ 37. Kb2 Rf2 38. Kb1 Rf1+ 39. Kb2 Rf2 1/2-1/2

[Event "Rilton Cup 51st"]
[Site "Stockholm"]
[Date "2023.12.27"]
[Round "1"]
[White "Shah, Vishwa"]
[Black "Dixit, Nikhil"]
[Result "1/2-1/2"]
[WhiteElo "2186"]
[BlackElo "2365"]
[PlyCount "62"]
[EventDate "2023.12.27"]
[EventType "swiss"]
[EventRounds "9"]
[EventCountry "SWE"]
[SourceTitle "CB02_2024"]
[SourceDate "2024.01.10"]
[SourceVersion "1"]
[SourceVersionDate "2024.01.10"]
[SourceQuality "1"]

1. e4 e6 2. d4 d5 3. e5 c5 4. c3 Nc6 5. Nf3 Bd7 6. Be2 Nge7 7. 0-0 Nf5 8. dxc5 Bxc5 9. Bd3 0-0 10. Bxf5 exf5 11. Qxd5 Be7 12. Bf4 Be6 13. Qxd8 Rfxd8 14. Nbd2 h6 15. h4 a5 16. h5 Rd3 17. Nb3 a4 18. Nbd4 a3 19. Nxe6 fxe6 20. bxa3 Ra4 21. Be3 Rxc3 22. Rab1 Rg4 23. Rfc1 Rxc1+ 24. Bxc1 Nd8 25. Rb3 Ra4 26. Bb2 Bc5 27. Rd3 Nc6 28. Rd7 b6 29. Rc7 Na5 30. Rc8+ Kf7 31. Rc7+ Kg8 1/2-1/2

[Event "Sitges Sunway op 10th"]
[Site "Sitges"]
[Date "2023.12.13"]
[Round "2"]
[White "Shah, Vishwa"]
[Black "Fernandez Guillen, Ernesto J"]
[Result "0-1"]
[WhiteElo "2186"]
[BlackElo "2462"]
[PlyCount "62"]
[EventDate "2023.12.12"]
[EventType "swiss"]
[EventRounds "10"]
[EventCountry "ESP"]
[SourceTitle "CB52_2023"]
[SourceDate "2023.12.27"]
[SourceVersion "1"]
[SourceVersionDate "2023.12.27"]
[SourceQuality "1"]

1. e4 e5 2. Nf3 Nc6 3. Bb5 f5 4. d3 Nf6 5. exf5 d6 6. 0-0 a6 7. Bxc6+ bxc6 8. d4 e4 9. Ng5 Bxf5 10. f3 exf3 11. Qxf3 Bd7 12. Re1+ Be7 13. Qe2 h6 14. Ne6 Bxe6 15. Qxe6 Qd7 16. Qxd7+ Kxd7 17. c4 d5 18. c5 Rab8 19. Nc3 Rb4 20. Rd1 Re8 21. Kf1 Bd8 22. a3 Rb3 23. Re1 Ne4 24. Ra2 Nxc3 25. bxc3 Rxe1+ 26. Kxe1 Rb1 27. Kd1 Bg5 28. Rc2 Ke6 29. h4 Be3 30. Rb2 Rxc1+ 31. Ke2 Rxc3 0-1

[Event "Leca da Palmeira 2nd"]
[Site "Leca da Palmeira"]
[Date "2023.08.03"]
[Round "6"]
[White "Shah, Vishwa"]
[Black "Khamrakulov, Ibragim S"]
[Result "1-0"]
[WhiteElo "2054"]
[BlackElo "2413"]
[PlyCount "79"]
[EventDate "2023.07.31"]
[EventType "swiss"]
[EventRounds "9"]
[EventCountry "POR"]
[SourceTitle "CBM 215 Extra"]
[Source "ChessBase"]
[SourceDate "2023.09.30"]
[SourceVersion "1"]
[SourceVersionDate "2023.09.30"]
[SourceQuality "1"]

1. e4 c5 2. Nc3 Nc6 3. Bb5 g6 4. Bxc6 dxc6 5. d3 Nf6 6. Be3 b6 7. h3 Bg7 8. Qd2 h6 9. Nge2 c4 10. d4 b5 11. f3 a5 12. 0-0 h5 13. Rad1 0-0 14. Bh6 b4 15. Bxg7 Kxg7 16. Na4 Ba6 17. Rfe1 Nd7 18. Qg5 e5 19. Qg3 Qe7 20. dxe5 h4 21. Qf2 Bb5 22. Rxd7 Qxd7 23. Nb6 Qe7 24. Nxa8 Rxa8 25. f4 c5 26. Rd1 Rd8 27. Rd5 c3 28. bxc3 Bc4 29. f5 Kg8 30. f6 Qf8 31. Nf4 Bxd5 32. exd5 g5 33. Ne6 fxe6 34. dxe6 Kh7 35. Qf5+ Kh6 36. e7 Rd1+ 37. Kh2 Qf7 38. Qc8 g4 39. hxg4 Qc4 40. Qf5 1-0